El reforma del impuesto de consumos / (Record no. 23237)

MARC details
000 -LEADER
campo de control de longitud fija 00501nam a2200169 i 4500
001 - NÚMERO DE CONTROL
campo de control 23237
003 - IDENTIFICADOR DE NÚMERO DE CONTROL
campo de control ES-MaACL
005 - FECHA Y HORA DE LA ÚLTIMA TRANSACCIÓN
campo de control 20251014063052.0
007 - CAMPO FIJO DE DESCRIPCIÓN FÍSICA--INFORMACIÓN GENERAL
campo de control de longitud fija t|
008 - DATOS DE LONGITUD FIJA--INFORMACIÓN GENERAL
campo de control de longitud fija 021209s1907 sp ||||1| spa d
100 1# - ENTRADA PRINCIPAL--NOMBRE DE PERSONA
Nombre de persona Alzola y Minondo, Pablo de,
Fechas asociadas al nombre 1841-1912
9 (RLIN) 21064
245 13 - MENCIÓN DEL TÍTULO
Título El reforma del impuesto de consumos /
Mención de responsabilidad, etc. Pablo de Alzola y Minondo.
260 ## - PUBLICACIÓN, DISTRIBUCIÓN, ETC.
Lugar de publicación, distribución, etc. Madrid :
Nombre del editor, distribuidor, etc. Ambrosio Pérez y Cª,
Fecha de publicación, distribución, etc. 1907.
300 ## - DESCRIPCIÓN FÍSICA
Extensión 246 p. ;
Dimensiones 25 cm.
852 ## - LOCALIZACIÓN
Ubicación ES-MaACL
Número de control de estantería F-6475
Holdings
Estatus retirado Estado de pérdida Estado de daño No para préstamo Biblioteca de origen Biblioteca actual Ubicación en estantería Fecha de adquisición Fuente de adquisición Total de préstamos Signatura topográfica completa Código de barras Visto por última vez Precio de reemplazo Tipo de ítem Koha
        Biblioteca del Ateneo de Madrid Biblioteca del Ateneo de Madrid Depósito 2 17/01/2008     F-6475 1023941 23/02/2023 23/02/2023 Libro impreso